[Event "AUS-ch Major"]
[Site "Sydney"]
[Date "2020.01.04"]
[Round "3"]
[White "Hibberd, Nathan"]
[Black "O'Donoghue, Malachi"]
[Result "1-0"]
[WhiteElo "1949"]
[BlackElo "1753"]
[PlyCount "71"]
[EventDate "2020.01.02"]
[EventType "swiss"]
[EventRounds "11"]
[EventCountry "AUS"]
[SourceTitle "CBM 195 Extra"]
[Source "ChessBase"]
[SourceDate "2020.05.31"]
[SourceVersion "1"]
[SourceVersionDate "2020.05.31"]
[SourceQuality "1"]

1. Nf3 e6 2. e3 f5 3. c4 Nf6 4. Nc3 b6 5. b3 Bb7 6. Bb2 Be7 7. Be2 0-0 8. 0-0 d6 9. Qc2 Nbd7 10. Ne1 e5 11. d3 Qe8 12. Bf3 Bxf3 13. Nxf3 Qh5 14. Qe2 Nc5 15. Ne1 Qg6 16. d4 Ne6 17. Nd5 Nxd5 18. cxd5 Ng5 19. dxe5 f4 20. Nf3 fxe3 21. fxe3 dxe5 22. Nxe5 Qe4 23. Qd3 Qh4 24. Qc4 Qxc4 25. bxc4 Bc5 26. Bd4 Bxd4 27. exd4 Ne4 28. Rxf8+ Rxf8 29. Rf1 Nc3 30. Rxf8+ Kxf8 31. Nc6 a5 32. a3 Nb1 33. c5 Nxa3 34. d6 Ke8 35. dxc7 Kd7 36. cxb6 1-0

[Event "AUS-ch Major"]
[Site "Cammeray"]
[Date "2018.01.05"]
[Round "5"]
[White "Kiripitige, Punala"]
[Black "O'Donoghue, Malachi"]
[Result "1-0"]
[WhiteElo "1939"]
[BlackElo "1802"]
[PlyCount "131"]
[EventDate "2018.01.02"]
[EventType "swiss"]
[EventRounds "11"]
[EventCountry "AUS"]
[SourceTitle "CBM 182 Extra"]
[Source "ChessBase"]
[SourceDate "2018.02.23"]
[SourceVersion "1"]
[SourceVersionDate "2018.02.23"]
[SourceQuality "1"]

1. d4 e6 2. Bf4 Nf6 3. e3 Be7 4. Nc3 b6 5. h3 Bb7 6. Nf3 0-0 7. Be2 d6 8. 0-0 Nbd7 9. Bh2 Ne4 10. Nxe4 Bxe4 11. Nd2 Bb7 12. c3 f5 13. Qb3 Rf6 14. Bf3 Bxf3 15. Nxf3 Kh8 16. Qc4 h6 17. Qe2 Rf7 18. Ne1 Nf6 19. Nd3 g5 20. f3 Qd7 21. Rad1 Rg8 22. g4 h5 23. Rf2 hxg4 24. fxg4 Ne4 25. Rg2 Rg6 26. Be5+ Bf6 27. gxf5 exf5 28. Bxf6+ Nxf6 29. Rf1 Rfg7 30. Qf3 g4 31. Qxf5 Qxf5 32. Rxf5 gxh3 33. Rxg6 Rxg6+ 34. Kh2 Rh6 35. Nf2 Kg7 36. Rf3 d5 37. Nxh3 Kf7 38. Kg3 Ke7 39. Ng5 a5 40. Kf4 Rh2 41. Ke5 Rh6 42. e4 dxe4 43. Nxe4 Nxe4 44. Kxe4 Kd6 45. b3 c5 46. a4 cxd4 47. cxd4 Rh4+ 48. Rf4 Rh3 49. Rf6+ Kc7 50. Rf3 Rh4+ 51. Kd5 Rh5+ 52. Kc4 Rh6 53. Rd3 Kb7 54. d5 Rd6 55. Re3 Rd7 56. Re6 Rc7+ 57. Kd4 Rc1 58. Re7+ Kc8 59. Rh7 Rd1+ 60. Kc4 Rc1+ 61. Kb5 Rc5+ 62. Kxb6 Rxd5 63. Rc7+ Kb8 64. Rc5 Rd3 65. Rb5 Rd7 66. Kxa5+ 1-0